000 01172nam a22002777a 4500
001 9102
003 FISKH
005 20251120133915.0
008 251120b cb ||||| |||| 00| 0 eng d
020 _a9780194789172
040 _aFISKH
_beng
_cFISKH
_dFISKH
050 _aPE1126.A4 B377
082 _a428
100 _aBassett, Jennifer
_eAuthor
245 _aThe president's murderer /
_cJennifer Bassett
260 _aNew York :
_bOxford University Press ,
_c2008
300 _a56 pages :
_billustrations ;
_c20 cm
505 _aG
520 _aThe President is dead! A man is running in the night. He is afraid and needs to rest. But there are people behind him, people with lights, and dogs, and guns. A man is standing in front of a desk. His boss is very angry, and the man is tired and needs to sleep. But first he must find the other man and bring him back, dead or alive. Two men: the hunter and the hunted. Which will win and which will lose? Long live the President!
521 8 _a340
_bLexile
521 8 _aG
_bRaz-Plus
650 _aCrime
_vOxford Bookworms
700 _aDickinson, Paul
_eIllustrator
942 _2ddc
_cBK
_n0
999 _c9102
_d9102